• 首页
  • 本馆介绍
  • 公告通知
  • 最新文献
  • 馆藏检索
  • 电子资源
  • 读者导购
  • 参考咨询
  • 我的图书馆
  • 登录
  • 详细信息显示
  • 放入我的书架
  • 预约/预借图书
  • 作者相关作品
  • 分类相关作品
  • 丛书相关作品
  • 出版社相关作品

书目信息

  • 表格格式
  • 工作单格式
  • 卡片格式
题名:
萧军集
    
 
作者: 萧军 著 ;叶澜涛 编著
分册:  
出版信息: 太原   北岳文艺出版社  2016
页数: 10,335页
开本: 21cm
丛书名: 民国诗风
单 册:
中图分类: I226.7 , I227.7
科图分类:
主题词: 古体诗--gu ti shi--注释--中国--现代 , 古体诗--gu ti shi--注释--中国--当代
电子资源:
ISBN: 978-7-5378-4830-5
000 01021nam0 22002891 450
001 0127144042
005 20170427144042.0
010    @a978-7-5378-4830-5@dCNY36.00
100    @a20161107d2016 em y0chiy50 ea
101 0  @achi
102    @aCN@b140000
105    @ay z 000gy
106    @ar
200 1  @a萧军集@Axiao jun ji@f萧军著@g叶澜涛编著
210    @a太原@c北岳文艺出版社@d2016
215    @a10,335页@d21cm
225 2  @a民国诗风@Amin guo shi feng@e中国现代作家旧体诗丛@f李遇春主编
330    @a本书收录了萧军的《立秋》、《游龙谭山》、《渡松花江》、《追怀鲁迅先生》、《闻胡风兄香港陷后被虐身死》、《小招》、《北斗南天》、《故人消息近如何》等旧体诗作品。
461  0 @12001 @a民国诗风
606 0  @a古体诗@Agu ti shi@x注释@y中国@z现代
606 0  @a古体诗@Agu ti shi@x注释@y中国@z当代
690    @aI226.7@v5
690    @aI227.7@v5
701  0 @a萧军@Axiao jun@f(1907.7~1988.6)@4著
702  0 @a叶澜涛@Aye lan tao@f(1980~)@4编著
801  0 @aCN@bTANGWEI@c20170308
905    @b0966363-6@dI226.7@e97@f4
    
    萧军集/萧军著/叶澜涛编著.-太原:北岳文艺出版社,2016
    10,335页;21cm.-(民国诗风:中国现代作家旧体诗丛/李遇春主编)
    
    
    ISBN 978-7-5378-4830-5:CNY36.00
    本书收录了萧军的《立秋》、《游龙谭山》、《渡松花江》、《追怀鲁迅先生》、《闻胡风兄香港陷后被虐身死》、《小招》、《北斗南天》、《故人消息近如何》等旧体诗作品。
●
相关链接 在E读中查询图书 在五车中查询图书 在当当中查询图书 在豆瓣中查询图书


正题名:萧军集     索取号:I226.7/97         预约/预借

序号 登录号 条形码 馆藏地/架位号 状态 备注
1 0966363   209663639   第一样本阅览室/ [索取号:I226.7/97] 在馆    
2 0966364   209663648   第二借阅区/ [索取号:I226.7/97] 在馆    
3 0966365   209663657   第二借阅区/ [索取号:I226.7/97] 在馆    
4 0966366   209663666   第二借阅区/ [索取号:I226.7/97] 在馆    
唐山师范学院图书馆 欢迎您!
大连网信软件有限公司© 版权所有